LEADER 01223nam a2200205 i 4500 001 000000137049 003 CaOOAMICUS 005 20090407000000.0 008 090407s1579 it u000 u ita u 013 $a110786 040 $aSeMil$bita 245 12$aI cinque libri degli avvertimenti, ordini, gride et editti fatti, et osservati in Milano ne' tempi sospettosi della peste, ne' gli anni 1576 et 1577 .. 260 $aVenezia :$bappresso Giovanni e Giovampaolo Gioliti de' Ferrari,$c1579. 300 $a14 x 18,5 ;$cpp. 484 ;$crom. 500 $aDescrizione da : Incunaboli e Cinquecentine della Biblioteca del Seminario di Milano / catalogo a cura di Ubaldo Valentini, Milano 1981. - Numero di catalogo : 377. 700 1 $aCentorio Degli Ortensi, Ascanio <1552-1579>.$0(OLS)http://semarc/name/55684 850 $aSeMil 852 $aSeMil$W1$xVenegono$y1$mFV.F I 14$j90616$B90616$CSeMilBibl$Z2$F95469 $86 996 $6245$aI cinque libri degli avvertimenti, ordini, gride et editti fatti, et osservati in Milano ne' tempi sospettosi della peste, ne' gli anni 1576 et 1577 ..$9(OLS)http://semarc/title/200258 996 $6260$aVenezia :$bappresso Giovanni e Giovampaolo Gioliti de' Ferrari$9(OLS)http://semarc/publisher/47038 LEADER 01486nam a2200253 i 4500 001 000000053635 003 CaOOAMICUS 005 20151021000000.0 008 151021s1864 it u000 u ita u 013 $a24807 040 $aSeMil$bita 100 1 $aLanguet de Gercy, Jean Joseph,$c.$0(OLS)http://semarc/name/13525 245 10$aVita della beata Margherita Maria Alacoque religiosa professa dell'Ordine della visitazione di santa Maria nel monastero di Paray-le-Monial :$bdedicata alla santità di nostro signore papa Pio 9. /$c[Giovanni Giuseppe Languet ; tradotta da Ludovico Paravicino]. 260 $aRoma :$bTipografia Salviucci,$c1864. 300 $a252 p., [1] c. di tav. :$bill. ;$c27 cm. 500 $aNome dell'A. e trad. dalla presentazione. 600 14$aAlacoque, Margherita Maria .$0(OLS)http://semarc/subject/1509 650 4$aAgiografia.$0(OLS)http://semarc/subject/327 700 1 $aParavicino, Ludovico .$0(OLS)http://semarc/name/26497 850 $aSeMil 852 $aSeMil$W1$xVenegono$y1$m3H VI 65 FA$j19789$B19789$CSeMilBibl$Z2$F19791 $8I 961 $aOmaggio: Donazione 996 $6245$aVita della beata Margherita Maria Alacoque religiosa professa dell'Ordine della visitazione di santa Maria nel monastero di Paray-le-Monial :$bdedicata alla santità di nostro signore papa Pio 9.$9(OLS)http://semarc/title/82678 996 $6260$aRoma :$bTipografia Salviucci$9(OLS)http://semarc/publisher/41606